| 000 | 00542nam a2200193 a 4500 | ||
|---|---|---|---|
| 001 | 2227 | ||
| 003 | CDMR | ||
| 005 | 20131014165516.0 | ||
| 008 | 130130s1975||||||||||||||||||||||||||||d | ||
| 020 | _a848504617X | ||
| 040 |
_aCDMR _bcat _cCDMR |
||
| 100 | 1 |
_aRogado, Basilio _91654 |
|
| 245 | 1 | 3 |
_aLa prensa del silencio _b: [un día en la vida de Informaciones] _cBasilio Rogado |
| 260 |
_aMadrid _c1975 _bMirasierra |
||
| 300 | _a260 p. | ||
| 490 | 0 | _aMedios de Comunicación Social | |
| 610 | 2 |
_94059 _aInformaciones (Diari) |
|
| 942 |
_cMON _2udc |
||
| 999 |
_c2227 _d2227 |
||